LEADER 02967nam 2200673 a 450 001 9910457116303321 005 20200520144314.0 010 $a1-283-16354-3 010 $a9786613163547 010 $a1-61148-029-9 035 $a(CKB)2550000000039244 035 $a(EBL)730751 035 $a(OCoLC)741492731 035 $a(SSID)ssj0000540637 035 $a(PQKBManifestationID)11334144 035 $a(PQKBTitleCode)TC0000540637 035 $a(PQKBWorkID)10598365 035 $a(PQKB)11775524 035 $a(MiAaPQ)EBC730751 035 $a(Au-PeEL)EBL730751 035 $a(CaPaEBR)ebr10483538 035 $a(CaONFJC)MIL316354 035 $a(EXLCZ)992550000000039244 100 $a20100203d2011 uy 0 101 0 $aeng 135 $aur|n|---||||| 181 $ctxt 182 $cc 183 $acr 200 10$aReading riddles$b[electronic resource] $erhetorics of obscurity from Romanticism to Freud /$fBrian Tucker 210 $aLewisburg, N.Y. $cBucknell University Press$dc2011 215 $a1 online resource (199 p.) 225 1 $aNew studies in the age of Goethe 300 $aDescription based upon print version of record. 311 $a1-61148-028-0 320 $aIncludes bibliographical references and index. 327 $aPt. I -- Riddle and obscurity in early romanticism -- From irritant to ideal: the transvaluation of riddle -- The closed circle of criticism -- Alethic aesthetics: Hegel's riddle of the symbol -- Wordplay and identity in Tieck's early prose -- Pt. II -- Reading the psyche: the human riddle -- The inaugural gesture of psychoanalysis -- The joke and its other: toward a Freudian concept of riddle -- The riddle as Freud's textual model -- Trauma and the other Oedipus complex. 330 $aReading Riddles: Rhetorics of Obscurity from Romanticism to Freud explores how the riddle becomes a figure for reading and writing in early German Romanticism and how this model then enables Sigmund Freud's approach to the psyche. It traces a migration of ideas from literature to psychoanalysis and argues that the relationship between them must be situated at the methodological level 410 0$aNew studies in the age of Goethe. 606 $aGerman literature$y18th century$xHistory and criticism 606 $aGerman literature$y19th century$xHistory and criticism 606 $aRiddles in literature 606 $aSymbolism in literature 606 $aRomanticism$zGermany 608 $aElectronic books. 615 0$aGerman literature$xHistory and criticism. 615 0$aGerman literature$xHistory and criticism. 615 0$aRiddles in literature. 615 0$aSymbolism in literature. 615 0$aRomanticism 676 $a830.9/145 700 $aTucker$b Brian$f1976-$0854990 801 0$bMiAaPQ 801 1$bMiAaPQ 801 2$bMiAaPQ 906 $aBOOK 912 $a9910457116303321 996 $aReading riddles$91909130 997 $aUNINA LEADER 01509nam 22005295u 450 001 9910158727903321 005 20211006144837.0 010 $a9783318039399 010 $a331803939X 035 $a(CKB)3780000000101324 035 $a(OCoLC)1046111537 035 $a(SZ-BaSKA)221275 035 $a(MiAaPQ)EBC31865185 035 $a(Au-PeEL)EBL31865185 035 $a(EXLCZ)993780000000101324 100 $a20211006d1987 uy 0 101 0 $aeng 135 $aurunu||||| 181 $ctxt$2rdacontent 182 $cc$2rdamedia 183 $acr$2rdacarrier 200 10$aCurrent Research in Sports Biomechanics : $eSelected Topics / $f editors, B. van Gheluwe, J. Atha 205 $a1st ed. 210 $aBasel : $cS. Karger, $d1987 215 $a1 online resource (VIII + 204 pages) : $c 114 figures, 6 tables 225 1 $aIssn Series 311 08$a9783805545464 311 08$a3805545460 410 0$aIssn Series 606 $aSocial Medicine 606 $aPreventive Medicine 606 $aBiophysics 606 $aSports Medicine 615 14$aSocial Medicine 615 14$aPreventive Medicine 615 24$aBiophysics 615 24$aSports Medicine 676 $a612/.044 700 $avan Gheluwe$b B$01216451 701 0$aGheluwe$b B. van$01230805 701 0$aAtha$b John$01230806 801 0$bUKSKG 801 1$bUKSKG 906 $aBOOK 912 $a9910158727903321 996 $aCurrent Research in Sports Biomechanics$92857686 997 $aUNINA LEADER 01565nam0 22004093i 450 001 UBO3432134 005 20251003044424.0 010 $a9788860710147 100 $a20130208d2008 ||||0itac50 ba 101 | $aita 102 $ait 181 1$6z01$ai $bxxxe 182 1$6z01$an 200 1 $aCasi e materiali di diritto pubblico dei trasporti$fStefano Zunarelli, Alessandra Romagnoli, Alessio Claroni 205 $a2. ed 210 $aBologna$cLibreria Bonomo$d2008 215 $aVIII, 295 p.$d24 cm. 225 | $aCasi e materiali$v7 410 0$1001UBO2343893$12001 $aCasi e materiali$v7 606 $aContratti di trasporto$xItalia$2FIR$3CFIC172351$9E 606 $aTrasporti$xItalia$2FIR$3CFIC030579$9E 676 $a343.45093$9REGOLAMENTAZIONE E CONTROLLO DEI TRASPORTI. ITALIA$v21 696 $aContratto di trasporto 696 $aTrasporto 699 $aContratti di trasporto$zContratto di trasporto 699 $aTrasporti$zTrasporto 700 1$aZunarelli$b, Stefano$3CFIV026677$4070$0231358 701 1$aClaroni$b, Alessio$3UBOV823284$4070$0497458 701 1$aRomagnoli$b, Alessandra$3UBOV887591$4070$0497459 801 3$aIT$bIT-000000$c20130208 850 $aIT-BN0095 901 $bNAP 01$cD $n$ 912 $aUBO3432134 950 0$aBiblioteca Centralizzata di Ateneo$d 01D (S) 2 725$e 01S 0090027255 VMA 1 v.$fY $h20130208$i20130208 977 $a 01 996 $aCasi e materiali di diritto pubblico dei trasporti$91030478 997 $aUNISANNIO